Biggest Municipalities in Each Norwegian Region - Statistics

General Stats
  • This quiz has been taken 102 times
    24 since last reset
  • The average score is 38 of 71
Answer Stats
Region Population Answer % Correct
Vestland 293,787 Bergen
100%
Oslo 725,180 Oslo
100%
Akershus 101,061 Asker
94%
Nordland 53,701 Bodø
94%
Buskerud 105,800 Drammen
94%
Agder 118,412 Kristiansand
94%
Innlandet 28,986 Lillehammer
94%
Rogaland 150,838 Stavanger
94%
Troms 79,604 Tromsø
94%
Trøndelag 216,752 Trondheim
94%
Møre og Romsdal 59,305 Ålesund
88%
Agder 46,669 Arendal
88%
Østfold 86,090 Fredrikstad
88%
Akershus 96,272 Lillestrøm
88%
Rogaland 85,600 Sandnes
88%
Akershus 132,966 Bærum
81%
Møre og Romsdal 33,134 Molde
81%
Vestfold 67,009 Sandefjord
81%
Østfold 60,386 Sarpsborg
81%
Telemark 56,879 Skien
81%
Vestfold 59,933 Tønsberg
81%
Østfold 32,044 Halden
75%
Innlandet 33,554 Hamar
75%
Østfold 52,920 Moss
75%
Innlandet 31,219 Gjøvik
69%
Finnmark 11,343 Hammerfest
69%
Buskerud 29,005 Kongsberg
69%
Telemark 37,392 Porsgrunn
69%
Finnmark 21,941 Alta
63%
Agder 25,396 Grimstad
63%
Møre og Romsdal 24,547 Kristiansund
63%
Nordland 21,635 Narvik
63%
Innlandet 21,892 Elverum
56%
Rogaland 38,565 Haugesund
56%
Vestfold 49,012 Larvik
56%
Trøndelag 25,014 Stjørdal
56%
Vestfold 29,079 Horten
50%
Akershus 50,817 Lørenskog
50%
Nordland 25,899 Rana
50%
Troms 25,247 Harstad
44%
Trøndelag 20,826 Levanger
44%
Buskerud 28,750 Lier
44%
Agder 23,725 Lindesnes
44%
Innlandet 36,025 Ringsaker
38%
Troms 14,940 Senja
38%
Finnmark 9,956 Sør-Varanger
38%
Finnmark 5,719 Vadsø
38%
Telemark 14,295 Bamble
31%
Vestfold 27,688 Færder
31%
Østfold 47,731 Indre Østfold
31%
Rogaland 42,870 Karmøy
31%
Telemark 13,348 Notodden
31%
Rogaland 29,315 Sola
31%
Vestland 30,485 Askøy
25%
Vestland 27,101 Bjørnafjorden
25%
Akershus 65,141 Nordre Follo
25%
Møre og Romsdal 11,057 Ørsta
25%
Buskerud 20,905 Øvre Eiker
25%
Finnmark 3,906 Porsanger
25%
Buskerud 31,845 Ringerike
25%
Vestland 30,206 Alver
19%
Trøndelag 18,841 Orkland
19%
Vestland 40,342 Øygarden
19%
Nordland 13,491 Vefsn
19%
Agder 15,715 Vennesla
19%
Troms 6,751 Målselv
13%
Telemark 11,091 Midt-Telemark
13%
Troms 5,636 Balsfjord
6%
Trøndelag 24,038 Steinkjer
6%
Nordland 11,618 Vestvågøy
6%
Møre og Romsdal 13,499 Hustadvika
0%
No matching quizzes found
Score Distribution
Percent of People with Each Score
Percentile by Number Answered
Your Score History
You have not taken this quiz since the last reset